000 00451nam a22001817a 4500
999 _c6137
_d6135
005 20210827122209.0
008 200318b xxu||||| |||| 00| 0 eng d
020 _a9788123923901
041 _aeng
082 _a615
100 _aAGARWAL ,S.L
_95257
245 _aPHARMACOLOGY FOR UNDERGRADUATES
250 _a3' RD
260 _aNEW DELHI
_bCBS PUBLISHERS AND DISTRIBUTORS
_c2014
300 _a570 P. ; X
650 _aPHARMCY
_95226
942 _cBK